<?xml version="1.0" encoding="UTF-8"?>
<record
    xmlns:xsi="http://www.w3.org/2001/XMLSchema-instance"
    xsi:schemaLocation="http://www.loc.gov/MARC21/slim http://www.loc.gov/standards/marcxml/schema/MARC21slim.xsd"
    xmlns="http://www.loc.gov/MARC21/slim">

  <leader>01214    a2200157   4500</leader>
  <controlfield tag="003">OSt</controlfield>
  <controlfield tag="005">20260206140805.0</controlfield>
  <controlfield tag="008">260206b        |||||||| |||| 00| 0 eng d</controlfield>
  <datafield tag="020" ind1=" " ind2=" ">
    <subfield code="a">989395664790</subfield>
  </datafield>
  <datafield tag="100" ind1=" " ind2=" ">
    <subfield code="a">&#x91C;&#x94B;&#x917; &#x90F;&#x938; </subfield>
    <subfield code="9">216656</subfield>
  </datafield>
  <datafield tag="245" ind1=" " ind2=" ">
    <subfield code="a">&#x926; &#x939;&#x93F;&#x930;&#x94B; &#x911;&#x92B; &#x91F;&#x93E;&#x92F;&#x917;&#x930; &#x939;&#x93F;&#x932;</subfield>
  </datafield>
  <datafield tag="260" ind1=" " ind2=" ">
    <subfield code="b">&#x92D;&#x93E;&#x930;&#x924;&#x940;&#x92F;  &#x935;&#x93F;&#x91A;&#x93E;&#x930;  &#x938;&#x93E;&#x927;&#x928;&#x93E;  &#x92A;&#x94D;&#x930;&#x915;&#x93E;&#x936;&#x928; </subfield>
    <subfield code="c">2024</subfield>
    <subfield code="a">&#x92A;&#x941;&#x923;&#x947; </subfield>
  </datafield>
  <datafield tag="300" ind1=" " ind2=" ">
    <subfield code="a">184pp.</subfield>
  </datafield>
  <datafield tag="520" ind1=" " ind2=" ">
    <subfield code="a">&#x939;&#x947; &#x915;&#x93E;&#x930;&#x917;&#x93F;&#x932; &#x92F;&#x941;&#x926;&#x94D;&#x927;&#x93E;&#x924;&#x940;&#x932; &#x938;&#x930;&#x94D;&#x935;&#x93E;&#x924; &#x924;&#x930;&#x941;&#x923; &#x92A;&#x930;&#x92E;&#x935;&#x940;&#x930; &#x91A;&#x915;&#x94D;&#x930; &#x935;&#x93F;&#x91C;&#x947;&#x924;&#x947; &#x92F;&#x94B;&#x917;&#x947;&#x902;&#x926;&#x94D;&#x930; &#x938;&#x93F;&#x902;&#x939; &#x92F;&#x93E;&#x926;&#x935; &#x92F;&#x93E;&#x902;&#x91A;&#x94D;&#x92F;&#x93E; &#x91C;&#x940;&#x935;&#x928;&#x93E;&#x935;&#x930;&#x940;&#x932; &#x92E;&#x930;&#x93E;&#x920;&#x940; &#x92A;&#x941;&#x938;&#x94D;&#x924;&#x915; &#x906;&#x939;&#x947;. &#x92F;&#x93E;&#x924; &#x924;&#x94D;&#x92F;&#x93E;&#x902;&#x928;&#x940; &#x915;&#x947;&#x935;&#x933; &#x967;&#x96F; &#x935;&#x94D;&#x92F;&#x93E; &#x935;&#x930;&#x94D;&#x937;&#x940; &#x967;&#x96B; &#x917;&#x94B;&#x933;&#x94D;&#x92F;&#x93E; &#x932;&#x93E;&#x917;&#x942;&#x928;&#x939;&#x940;, &#x92A;&#x94D;&#x930;&#x91A;&#x902;&#x921; &#x91C;&#x916;&#x92E;&#x940; &#x905;&#x935;&#x938;&#x94D;&#x925;&#x947;&#x924; &#x936;&#x924;&#x94D;&#x930;&#x942;&#x91A;&#x94D;&#x92F;&#x93E; &#x92C;&#x902;&#x915;&#x930;&#x935;&#x930; &#x924;&#x93E;&#x92C;&#x93E; &#x92E;&#x93F;&#x933;&#x935;&#x942;&#x928; &#x915;&#x936;&#x93E; &#x92A;&#x94D;&#x930;&#x915;&#x93E;&#x930;&#x947; &#x910;&#x924;&#x93F;&#x939;&#x93E;&#x938;&#x93F;&#x915; &#x935;&#x93F;&#x91C;&#x92F; &#x92E;&#x93F;&#x933;&#x935;&#x932;&#x93E;, &#x92F;&#x93E;&#x91A;&#x93E; &#x925;&#x930;&#x93E;&#x930;&#x915; &#x906;&#x924;&#x94D;&#x92E;&#x915;&#x925;&#x928;&#x92A;&#x930; &#x935;&#x943;&#x924;&#x94D;&#x924;&#x93E;&#x902;&#x924; &#x926;&#x93F;&#x932;&#x93E; &#x906;&#x939;&#x947;&#x964;</subfield>
  </datafield>
  <datafield tag="942" ind1=" " ind2=" ">
    <subfield code="c">BK</subfield>
    <subfield code="2">ddc</subfield>
  </datafield>
  <datafield tag="999" ind1=" " ind2=" ">
    <subfield code="c">370201</subfield>
    <subfield code="d">370201</subfield>
  </datafield>
  <datafield tag="952" ind1=" " ind2=" ">
    <subfield code="0">0</subfield>
    <subfield code="1">0</subfield>
    <subfield code="2">ddc</subfield>
    <subfield code="4">0</subfield>
    <subfield code="7">0</subfield>
    <subfield code="8">MCA</subfield>
    <subfield code="a">001</subfield>
    <subfield code="b">001</subfield>
    <subfield code="d">2026-02-03</subfield>
    <subfield code="e">188</subfield>
    <subfield code="g">210.00</subfield>
    <subfield code="l">0</subfield>
    <subfield code="p">KBJP-BK-3015</subfield>
    <subfield code="r">2026-02-03 00:00:00</subfield>
    <subfield code="v">300.00</subfield>
    <subfield code="w">2026-02-03</subfield>
    <subfield code="y">BK</subfield>
    <subfield code="z">3015</subfield>
  </datafield>
</record>
